000 01019cam a22002531i 4500
003 SA-RiAUC
005 20260420124235.0
008 260419s2012 xx g 000r0 ara c
040 _aSA-JeALM
_bara
_cSA-RiAUC
_erda
050 4 _b.H37 2012
082 0 4 _a252.55
090 _a252.55
_bح ر ي
100 1 _aالحريري، إسماعيل جمال
_eمؤلف.
245 1 0 _aدعاء يوم عرفة ؛
_bويليه دعاء ختم القرآن /
_cالشيخ إسماعيل حسين جمال الحريري.
264 1 _a[مكان النشر غير محدد] :
_b[الناشر غير محدد]،
_c2012
300 _a48 صفحة ؛
_c16 سم.
336 _aنص
_btxt
_2rdacontent
_3كتاب
337 _aبدون وسيط
_bn
_2rdamedia
650 7 _aالأدعية والأوراد
_2aucsh
650 7 _aالوقوف بعرفة
_2aucsh
700 1 2 _aالحريري، إسماعيل جمال.
_iمع :
_tدعاء ختم القرآن
942 _2ddc
_cBOOK
_n0
949 _aSA-JeALM
_d260419
_uosman123
_n1
999 _c14859
_d14859